| 000 | 00492 a2200169 4500 | ||
|---|---|---|---|
| 003 | OSt | ||
| 005 | 20231223144406.0 | ||
| 008 | 231223b |||||||| |||| 00| 0 eng d | ||
| 020 | _a9789350008500 | ||
| 040 | _coclc | ||
| 082 |
_a891.432 _bPUN/R |
||
| 100 |
_aPuntambaker, Shankar _910209 |
||
| 245 |
_aRAVAN TUM BAHAR AAO / _cShankar Puntambaker |
||
| 260 |
_aNew Delhi: _bVani Prakashan, _c2011. |
||
| 300 | _a80p | ||
| 942 |
_2ddc _cBK _h891.432 _iPUN/R _k891.432 _mPUN/R |
||
| 999 |
_c43555 _d43555 |
||